| 000 | 00369nam a2200121Ia 4500 | ||
|---|---|---|---|
| 008 | 210430s9999 xx 000 0 und d | ||
| 082 | _a100 A315L | ||
| 100 |
_aMuhammad Akram _954832 |
||
| 245 |
_aLayer Guide: Sunny's Hy-Line Layer Chick W-98 / _cMuhammad Akram |
||
| 260 |
_aFaisalabad _c2001 _bAgricultural University Faisalabad |
||
| 300 | _a273p. | ||
| 942 |
_cBK _2ddc |
||
| 999 |
_c565596 _d565596 |
||